Statistics for All FIFA PROMOS EVER

Click here to take the quiz!

General Stats

  • This quiz has been taken 42 times
  • The average score is 12 of 42

Answer Stats

Last published in FIFA…Answer% Correct
22Team of the Year
88%
21Team of the Season
82%
22FUT Birthday
71%
22Rulebreakers
65%
20Shapeshifters
62%
22Road to the Final
56%
22Team of the Week
56%
21Futties
53%
22Road to the Knockout
50%
22Winter Wildcards
50%
22Ones to Watch
47%
22Future Stars
44%
22Headliner
44%
22Man of the Match
41%
21Freeze
35%
22NumbersUp
32%
22Team of the Group Stage
32%
20Summer Heat
29%
22FUT Fantasy
26%
21What If
26%
17Movember
24%
22Signature Signings
24%
21Path to Glory
18%
19Carniball
15%
22Showdown
15%
21Summer Stars
15%
19Team of the Knockout Stage
15%
21Recordbreakers
12%
20Ultimate Scream
12%
20Team of the Season so far
9%
22FUT Versus
6%
22International Man of the Match
6%
20Pre-Season
6%
20Winter Refresh
6%
22Honourable Mentions
3%
17St Patricksday
3%
20Team of the Week Moments
3%
18Classic European Heroes
0%
18Classic ROW Heroes
0%
18Festival of Football Team of the Tournament
0%
18Festival of Football Winners
0%
18Team of the Matchday
0%

Score Distribution

Percentile by Number Answered

Percent of People with Each Score

Your Score History

You have not taken this quiz